Times por Escudo - Uruguayan Primera División 2024 - Statistics

Estatísticas Gerais
  • Esse quiz foi jogado 70 vezes
  • A pontuação média é 9 de 16
Estatísticas das Respostas
Imagem Resposta % Correto
Peñarol
100%
Nacional
92%
Danubio
91%
Liverpool
91%
River Plate
81%
Fênix
63%
Racing CM
61%
CA Cerro
52%
Deportivo Maldonado
50%
Boston River
45%
Montevideo Wanderers
45%
Defensor Sporting
42%
Cerro Largo
41%
Progresso
36%
Rampla Juniors
30%
Miramar Misiones
14%
Nenhum quiz correspondente encontrado
Distribuição das Pontuações
Porcentagem de Pessoas com Cada Pontuação
Percentil de Números Respondidos
Sua Pontuação Histórica
Você não jogou esse quiz